000 00459nam a2200181Ia 4500
008 180921t2016 xxu||||| |||| 00| 0 sin d
041 _asin
080 _a8-31
_bUDA
100 _aUthayanan, Vavuniyoor R.
245 _aසෝබර වේදනා
246 _aSobara Wedana
260 _bGodage
_aColombo
_c2016
300 _a256p, 22cm
700 _aUpali Leelarathna
_etr.
942 _cBK
999 _c12490
_d12490
003 LK-CoDNM
040 _aLK-CoDNM
_dLK-CoDNM
_eLK-CoDNM